00527nam a2200145Ia 4500008004100000024004200041082001600083100005500099245001900154260002500173600002100198650003800219952010700257999001700364250506s9999 xx 000 0 und d a10B-57-BS, 10B-115-BS & 10B-63-BS a005.072 TAS aTaseer Moazzam, Zoha Kurshid & Daniyal Alam Burney 0aGame Inception aKarachi:bUIT,c2010 aComputer Science aBachelor of Computer Science (BS) 001040708PR-CSaUITUbUITUd2022-07-26l0o005.072 TASpBS-524r2025-05-06 11:34:37w2025-05-06yPR c28780d28780